<?xml version="1.0" encoding="UTF-8"?>
<marc:record xmlns:marc="http://www.loc.gov/MARC21/slim">
   <marc:leader>00000nam a2200000 a 4500</marc:leader>
   <marc:datafield ind1=" " ind2=" " tag="653">
      <marc:subfield code="a">ab 6 Jahre</marc:subfield>
   </marc:datafield>
   <marc:datafield ind1=" " ind2=" " tag="653">
      <marc:subfield code="a">Kinderspiele</marc:subfield>
   </marc:datafield>
   <marc:datafield ind1=" " ind2=" " tag="653">
      <marc:subfield code="a">Teilleistungsschwächen</marc:subfield>
   </marc:datafield>
   <marc:datafield ind1="0" ind2="0" tag="245">
      <marc:subfield code="a">Spiel mit uns!</marc:subfield>
   </marc:datafield>
   <marc:datafield ind1="0" ind2="0" tag="245">
      <marc:subfield code="b">Spiele für alle Kinder, besonders Kinder mit Teilleistungsschwächen</marc:subfield>
   </marc:datafield>
   <marc:datafield ind1=" " ind2="1" tag="264">
      <marc:subfield code="a">Wien; Müchen</marc:subfield>
      <marc:subfield code="b">Jugend &amp; Volk</marc:subfield>
      <marc:subfield code="c">1990</marc:subfield>
   </marc:datafield>
   <marc:datafield ind1="1" ind2=" " tag="520">
      <marc:subfield code="a">In den letzten jahren wurde eine Reihe von Programmen zur Behebung oder wenigstens Besserung von Teilleistungsstörungen entwickelt. Manche dieser Programme werden von Kindern abgelehnt, weil sie monoton sind, besonder für nervöse Kinder stellen sie oft eine Überforderung dar. Aber alle Kinder spiele gerne! Diese Erkenntnis hat eine Gruppe von Lehrern und Psychologen dazu veranlaßt, Spiele zur Verbesserung von Teilleistungsstörungen einzusetzen. Die vorliegende Kartei ist das Ergebnis dieser Arbeit. Der Einsatz er Spiele ist sowohl im Unterricht bei lese- und rechtschreibschwachen Kindern als auch im Familien- und Freudeskreis wünschenswert.</marc:subfield>
   </marc:datafield>
   <marc:datafield ind1="2" ind2=" " tag="024">
      <marc:subfield code="a">9783224145023</marc:subfield>
   </marc:datafield>
   <marc:datafield ind1=" " ind2=" " tag="041">
      <marc:subfield code="a">ger</marc:subfield>
   </marc:datafield>
   <marc:datafield ind1="1" ind2=" " tag="521">
      <marc:subfield code="a">ab 6 Jahre</marc:subfield>
   </marc:datafield>
   <marc:datafield ind1="1" ind2=" " tag="521">
      <marc:subfield code="a">0</marc:subfield>
   </marc:datafield>
</marc:record>
